The Power of Love - Frankie Goes to Hollywood (All Lyrics) - Statistics

General Stats
  • This quiz has been taken 23 times
  • The average score is 177 of 251
Answer Stats
Answer % Correct
A
100%
love
100%
Love
100%
love,
100%
of
100%
power
100%
for
91%
from
91%
in
91%
is
91%
so
91%
the
91%
The
91%
you
91%
your
91%
an
82%
be
82%
with
82%
With
82%
above
73%
And
73%
and
73%
force
73%
go
73%
I'll
73%
I'm
73%
Keep
73%
keep
73%
Make
73%
me
73%
my
73%
on,
73%
soul
73%
When
73%
will
73%
angels
64%
around
64%
at
64%
door
64%
goal
64%
hooded
64%
like
64%
vampires
64%
are
55%
away
55%
bay,
55%
bay
55%
chips
55%
claw
55%
Cleaning
55%
down,
55%
Dreams
55%
Feels
55%
only
55%
protect
55%
They
55%
undying,
55%
burn
45%
danger,
45%
death-defying
45%
desire
45%
energy
45%
Envy
45%
fire
45%
Flame
45%
hurt
45%
itself
45%
Lovers
45%
pleasure
45%
This
45%
time,
45%
we
45%
bad
36%
beautiful
36%
darkness
36%
divine,
36%
divine
36%
dove
36%
girls
36%
inside
36%
Let
36%
light
36%
pretty
36%
pure,
36%
Rushin',
36%
rushin'
36%
Scaring
36%
sky-scraping
36%
Sparkling
36%
tongues
36%
treasure
36%
yourself
36%
pearls
27%
Purge
27%
Ay,
18%
ay,
18%
ay
18%
entwine,
18%
flowers
18%
sublime
18%
No matching quizzes found
Score Distribution
Percent of People with Each Score
Percentile by Number Answered
Your Score History
You have not taken this quiz